Caracterización limnológica de ambientes acuáticos en el Caqueta Medio (Amazonia colombiana) (Registro nro. 5976)

Detalles MARC
000 -CABECERA
Campo de control 00788nam a2200253 a 4500
005 - FECHA Y HORA DE LA ULTIMA TRANSACCION
Campo de control 20191224041822.0
008 - ELEMENTOS DE LONGITUD FIJA—INFORMACION GENERAL
Campo de control 160411b xxu||||| |||| 00| 0 spa d
040 ## - FUENTE DE CATALOGACIÓN
Agencia catalogadora original CO-BoIAVH
Agencia transcriptora CO-BoIAVH
041 ## - IDIOMA
Código de idioma para texto/pista de sonido o título separado Español
044 ## - PAÍS DE PUBLICACIÓN
País de publicación Colombia
090 ## - CLASIFICACIÓN LOCAL
Colección LB
Consecutivo 05163
100 1# - ASIENTO PRINCIPAL--NOMBRE PERSONAL
Nombre personal Vargas Pérez, Antonio
9 (RLIN) 65051
245 ## - MENCION DE TITULO
Título Caracterización limnológica de ambientes acuáticos en el Caqueta Medio (Amazonia colombiana)
260 ## - PUBLICACION, DISTRIBUCION, ETC. (PIE DE IMPRENTA)
Lugar de publicación, distribución, etc. Bogotá
Nombre del editor, distribuidor, etc. Universidad de Bogotá Jorge Tadeo Lozano
Fecha de publicación, distribución, etc. 1996
300 ## - DESCRIPCION FISICA
Extensión 95 paginas
650 16 - ASIENTO SECUNDARIO DE MATERIA - TERMINO TEMATICO
Término temático o nombre geográfico como elemento de entrada Limnología
9 (RLIN) 65052
650 16 - ASIENTO SECUNDARIO DE MATERIA - TERMINO TEMATICO
Término temático o nombre geográfico como elemento de entrada Zooplancton
9 (RLIN) 16360
650 16 - ASIENTO SECUNDARIO DE MATERIA - TERMINO TEMATICO
Término temático o nombre geográfico como elemento de entrada Fitoplancton
9 (RLIN) 13849
650 16 - ASIENTO SECUNDARIO DE MATERIA - TERMINO TEMATICO
Término temático o nombre geográfico como elemento de entrada Biomasa
9 (RLIN) 65054
650 16 - ASIENTO SECUNDARIO DE MATERIA - TERMINO TEMATICO
Término temático o nombre geográfico como elemento de entrada Clorofila
9 (RLIN) 65055
700 ## - ASIENTO SECUNDARIO - NOMBRE PERSONAL
Nombre personal Díaz Sarmiento, Jaime Alberto
9 (RLIN) 65056
700 ## - ASIENTO SECUNDARIO - NOMBRE PERSONAL
Nombre personal Pinilla, Gabriel
9 (RLIN) 21870
942 ## - ELEMENTOS ADICIONALES (KOHA)
Tipo de ítem Informe Técnico
Sistema de clasificación Local
Existencias
Withdrawn status Lost status Sistema de Clasificación Damaged status No para préstamo Colección Inventariado Ubicación Permanente Ubicación actual Fecha de adquisición Total Checkouts Número topográfico Inventario / Código de Barras Date last seen Ejemplar Price effective from Forma de adquisición Tipo de material
    Local     General Inventariado 2017 Bogotá Bogotá 29/11/2007   LB-05163 025555 04/12/2012 Ej.2 04/12/2012   Informe Técnico